[Event "Barcelona Sant Marti op-A 22nd"]
[Site "Barcelona"]
[Date "2022.07.16"]
[Round "4"]
[White "Fernandez Madrid, Carlos"]
[Black "Ruffenach, Alain"]
[Result "1-0"]
[WhiteElo "2124"]
[BlackElo "1882"]
[PlyCount "111"]
[EventDate "2022.07.13"]
[EventType "swiss"]
[EventRounds "9"]
[EventCountry "ESP"]
[SourceTitle "CBM 209 Extra"]
[Source "ChessBase"]
[SourceDate "2022.09.30"]
[SourceVersion "1"]
[SourceVersionDate "2022.09.30"]
[SourceQuality "1"]

1. c4 g6 2. Nf3 Bg7 3. g3 Nf6 4. Bg2 0-0 5. 0-0 d6 6. Nc3 c6 7. Rb1 e5 8. d3 Nbd7 9. b4 d5 10. b5 d4 11. bxc6 bxc6 12. Na4 Qc7 13. Ba3 Re8 14. Nd2 Rb8 15. Nb3 h5 16. Qd2 Kh7 17. Qa5 Qxa5 18. Nxa5 Rxb1 19. Rxb1 e4 20. Nxc6 exd3 21. exd3 Re2 22. Bb2 Ng4 23. Nxa7 Ba6 24. c5 Bxd3 25. Bf1 Bxb1 26. Bxe2 d3 27. Bd1 Nf8 28. c6 Ne6 29. Bxg7 Kxg7 30. Nb5 Bxa2 31. c7 Nxc7 32. Nxc7 Ne5 33. Nb2 Bb1 34. Nd5 Bc2 35. Ne3 Bb1 36. f4 Nd7 37. Kf1 Nc5 38. Ke1 f6 39. Na4 Ne4 40. Bf3 Nd6 41. Kd2 Kh6 42. Nc3 Bc2 43. Ne4 Ne8 44. h4 Kg7 45. Nxc2 dxc2 46. Kxc2 f5 47. Ng5 Kf6 48. Kd3 Nd6 49. Bd5 Nb5 50. Nf3 Nc7 51. Bc4 Ne8 52. Ne5 Nd6 53. Bd5 Nc8 54. Kd4 Nd6 55. Kc5 Nc8 56. Nc6 1-0

[Event "Trieste op 19th"]
[Site "Trieste"]
[Date "2017.09.05"]
[Round "5"]
[White "Bergamasco, Tommaso"]
[Black "Ruffenach, Alain"]
[Result "1-0"]
[WhiteElo "2167"]
[BlackElo "1935"]
[PlyCount "83"]
[EventDate "2017.09.02"]
[EventType "swiss"]
[EventRounds "9"]
[EventCountry "ITA"]
[SourceTitle "CBM 180 Extra"]
[Source "ChessBase"]
[SourceDate "2017.10.06"]
[SourceVersion "1"]
[SourceVersionDate "2017.10.06"]
[SourceQuality "1"]

1. d4 g6 2. e4 Bg7 3. c4 c5 4. d5 e5 5. Nc3 d6 6. Bd3 Nf6 7. Bg5 h6 8. Bd2 a6 9. Qc1 Nbd7 10. a4 b6 11. Nge2 Rb8 12. 0-0 g5 13. g3 Nh5 14. f3 Qe7 15. Nd1 Nf8 16. Ne3 a5 17. Nc3 Bf6 18. Nb5 Ng7 19. b4 axb4 20. a5 bxa5 21. Rxa5 Ng6 22. Na7 0-0 23. Nc6 Qc7 24. Qa1 Rb7 25. Bc2 h5 26. Ba4 Bh3 27. Rf2 Bc8 28. Bb5 g4 29. fxg4 Bg5 30. gxh5 Nxh5 31. Qf1 f6 32. Qe2 Qh7 33. Ba6 Rg7 34. Bxc8 Rxc8 35. Nf5 Rd7 36. Qg4 Rf8 37. Bxg5 fxg5 38. Qxg5 Ng7 39. Nfe7+ Rxe7 40. Nxe7+ Nxe7 41. Qxe7 Rxf2 42. Ra8+ 1-0

[Event "Plzen op 8th"]
[Site "Plzen"]
[Date "2016.10.12"]
[Round "4"]
[White "Ruffenach, Alain"]
[Black "Horak, Miroslav1"]
[Result "1-0"]
[WhiteElo "1941"]
[BlackElo "1683"]
[PlyCount "37"]
[EventDate "2016.10.09"]
[EventType "swiss"]
[EventRounds "7"]
[EventCountry "CZE"]
[SourceTitle "EXT 2017"]
[Source "ChessBase"]
[SourceDate "2016.10.25"]
[SourceVersion "1"]
[SourceVersionDate "2016.10.25"]
[SourceQuality "1"]

1. d4 Nf6 2. Nf3 g6 3. c4 Bg7 4. Nc3 d5 5. e3 0-0 6. cxd5 Nxd5 7. Bc4 Nxc3 8. bxc3 c5 9. 0-0 Nc6 10. Bb2 cxd4 11. exd4 Bg4 12. Be2 Rc8 13. h3 Qb6 14. Qb3 Qxb3 15. axb3 Bxf3 16. Bxf3 e6 17. Bxc6 bxc6 18. Rxa7 c5 19. Ba3 1-0

[Event "Terre degli Elimi op 7th"]
[Site "Erice"]
[Date "2016.08.02"]
[Round "6"]
[White "Campo, Renato"]
[Black "Ruffenach, Alain"]
[Result "0-1"]
[WhiteElo "1979"]
[BlackElo "1952"]
[PlyCount "66"]
[EventDate "2016.07.28"]
[EventType "swiss"]
[EventRounds "9"]
[EventCountry "ITA"]
[SourceTitle "EXT 2017"]
[Source "ChessBase"]
[SourceDate "2016.10.25"]
[SourceVersion "1"]
[SourceVersionDate "2016.10.25"]
[SourceQuality "1"]

1. e4 g6 2. Nc3 Bg7 3. f4 d6 4. Nf3 Nf6 5. Bc4 0-0 6. 0-0 e6 7. Bb3 c5 8. d3 Nc6 9. Kh1 a6 10. Be3 b5 11. e5 Ng4 12. Bg1 dxe5 13. h3 Nh6 14. Bxc5 Nf5 15. Ne2 exf4 16. Qd2 g5 17. Rae1 Re8 18. g4 Nfd4 19. Nexd4 Nxd4 20. Nxd4 Bxd4 21. Bxd4 Qxd4 22. c3 Bb7+ 23. Kh2 Qd6 24. d4 f3+ 25. Re5 f6 26. Bc2 Re7 27. Rfe1 Kh8 28. h4 Rd8 29. Kh3 fxe5 30. Qxg5 Rg7 31. Qf6 Rf8 32. Qh6 e4 33. g5 f2 0-1

[Event "Lugano op 18th"]
[Site "Lugano"]
[Date "2013.11.02"]
[Round "4"]
[White "Berend, Fred"]
[Black "Ruffenach, Alain"]
[Result "1-0"]
[WhiteElo "2370"]
[BlackElo "1918"]
[PlyCount "119"]
[EventDate "2013.10.31"]
[EventType "swiss"]
[EventRounds "7"]
[EventCountry "SUI"]
[SourceTitle "EXT 2014"]
[Source "ChessBase"]
[SourceDate "2013.11.20"]
[SourceVersion "1"]
[SourceVersionDate "2013.11.20"]
[SourceQuality "1"]

1. d4 Nf6 2. Nf3 g6 3. Bg5 Bg7 4. Nbd2 c5 5. Bxf6 Bxf6 6. Ne4 Bxd4 7. Nxd4 cxd4 8. Qxd4 0-0 9. c4 d6 10. Nc3 Be6 11. e4 Nc6 12. Qd2 Qb6 13. Rd1 Rfc8 14. Be2 Ne5 15. b3 a5 16. 0-0 Nd7 17. Kh1 Nc5 18. f4 f6 19. Rf3 Bf7 20. Rh3 Qd8 21. Bg4 Rcb8 22. Qe1 Qf8 23. Nb5 Rd8 24. Re3 h5 25. Bf3 e5 26. g3 b6 27. Bg2 Qe7 28. Qf2 Kg7 29. h4 Be8 30. Nc3 Bc6 31. Kh2 Rf8 32. Bf3 exf4 33. gxf4 Rae8 34. Rg1 Kh6 35. Qg2 Rg8 36. Qh3 Qe6 37. Qxe6 Nxe6 38. Rd1 Nxf4 39. Rxd6 Re6 40. Rxe6 Nxe6 41. Nd5 Bxd5 42. exd5 Nf4 43. Kg3 g5 44. Re7 Ng6 45. hxg5+ Kxg5 46. Rb7 h4+ 47. Kf2 Ne5 48. Rxb6 Nxf3 49. Kxf3 Kf5 50. d6 Rg3+ 51. Kf2 Rd3 52. Rb5+ Kg4 53. Rd5 Rf3+ 54. Ke2 h3 55. d7 h2 56. Rd1 Kg3 57. d8Q Rf2+ 58. Ke3 Rf3+ 59. Kd4 Rf4+ 60. Kc5 1-0

[Event "Lugano op 18th"]
[Site "Lugano"]
[Date "2013.11.01"]
[Round "3"]
[White "Ruffenach, Alain"]
[Black "Mihajlov, Svetoslav"]
[Result "1/2-1/2"]
[WhiteElo "1918"]
[BlackElo "2105"]
[PlyCount "127"]
[EventDate "2013.10.31"]
[EventType "swiss"]
[EventRounds "7"]
[EventCountry "SUI"]
[SourceTitle "EXT 2014"]
[Source "ChessBase"]
[SourceDate "2013.11.20"]
[SourceVersion "1"]
[SourceVersionDate "2013.11.20"]
[SourceQuality "1"]

1. d4 Nf6 2. Nf3 e6 3. e3 c5 4. Bd3 b6 5. 0-0 Bb7 6. Nbd2 Be7 7. Re1 d5 8. c3 Nbd7 9. Ne5 0-0 10. f4 Ne4 11. Nxd7 Qxd7 12. Qc2 f5 13. Nf3 c4 14. Bxe4 fxe4 15. Ne5 Qd8 16. b3 Bd6 17. bxc4 Bxe5 18. fxe5 dxc4 19. Ba3 Rf5 20. Rf1 Qd7 21. Bd6 h6 22. Qe2 Bd5 23. Rab1 Rd8 24. Rb2 Qf7 25. Rxf5 exf5 26. Qd1 Rd7 27. Rf2 Qe6 28. Qa4 Rf7 29. Qb5 Kh7 30. h4 g5 31. hxg5 hxg5 32. g3 f4 33. Rh2+ Kg7 34. gxf4 gxf4 35. Rg2+ Kh7 36. Rh2+ Kg8 37. Rg2+ Rg7 38. Qb2 fxe3 39. Qe2 Qh6 40. Rxg7+ Kxg7 41. Qg4+ Kf7 42. Qf5+ Kg8 43. Qc8+ Kh7 44. Qf5+ Qg6+ 45. Qxg6+ Kxg6 46. Kf1 Kf5 47. Ke2 b5 48. Kxe3 a5 49. a3 Bf7 50. Bf8 Bd5 51. Bc5 Kg4 52. e6 Bxe6 53. Kxe4 Kg5 54. Be7+ Kg6 55. d5 Bd7 56. Kd4 Kf7 57. Bd8 a4 58. Ba5 Ke7 59. Kc5 Be8 60. Bb4 Kd8 61. Kd6 Bd7 62. Ba5+ Kc8 63. Ke7 Bh3 64. Kd6 1/2-1/2

[Event "EU-ch 12th"]
[Site "Aix les Bains"]
[Date "2011.04.02"]
[Round "11"]
[White "Svane, Rasmus"]
[Black "Ruffenach, Alain"]
[Result "1-0"]
[WhiteElo "2216"]
[BlackElo "1973"]
[PlyCount "45"]
[EventDate "2011.03.22"]
[EventType "swiss"]
[EventRounds "11"]
[EventCountry "FRA"]
[SourceTitle "CBM 142 Extra"]
[Source "ChessBase"]
[SourceDate "2011.06.27"]
[SourceVersion "1"]
[SourceVersionDate "2011.06.27"]
[SourceQuality "1"]

1. d4 Nf6 2. c4 g6 3. Nc3 Bg7 4. e4 d6 5. Nf3 0-0 6. Be2 Nbd7 7. 0-0 c5 8. d5 a6 9. Re1 Ne8 10. Bg5 h6 11. Bh4 Ne5 12. Nd2 g5 13. Bg3 e6 14. Nf3 Ng6 15. dxe6 Bxe6 16. Qc2 Qa5 17. Nd5 b5 18. Rad1 Qxa2 19. e5 bxc4 20. Bxc4 Bf5 21. Qxf5 Qxc4 22. Nb6 Qb4 23. Nxa8 1-0

[Event "EU-ch 12th"]
[Site "Aix les Bains"]
[Date "2011.03.28"]
[Round "7"]
[White "Fayard, Alain"]
[Black "Ruffenach, Alain"]
[Result "1-0"]
[WhiteElo "2210"]
[BlackElo "1973"]
[PlyCount "75"]
[EventDate "2011.03.22"]
[EventType "swiss"]
[EventRounds "11"]
[EventCountry "FRA"]
[SourceTitle "CBM 142 Extra"]
[Source "ChessBase"]
[SourceDate "2011.06.27"]
[SourceVersion "1"]
[SourceVersionDate "2011.06.27"]
[SourceQuality "1"]

1. d4 Nf6 2. c4 c5 3. d5 e5 4. Nc3 d6 5. Nf3 g6 6. g3 Bg7 7. Bg2 0-0 8. 0-0 Na6 9. a3 Bd7 10. Nd2 Qe7 11. Rb1 Rab8 12. b4 b6 13. e4 Nh5 14. Qe2 f5 15. exf5 Bxf5 16. Nde4 h6 17. Rb3 Rbc8 18. Be3 Nf6 19. bxc5 Nxe4 20. Nxe4 Nxc5 21. Bxc5 bxc5 22. Rfb1 Kh7 23. a4 Rc7 24. a5 Bxe4 25. Bxe4 Qg5 26. h4 Qd8 27. h5 Kh8 28. Bxg6 Rc8 29. Bd3 Qf6 30. Rb7 Rf7 31. Rxf7 Qxf7 32. Qe4 Bf8 33. a6 Rc7 34. Rb8 Qg7 35. Qh4 Rf7 36. Bg6 Rd7 37. Qg4 Kg8 38. Qe6+ 1-0

[Event "FRA-ch op-A"]
[Site "Pau"]
[Date "2008.08.21"]
[Round "9"]
[White "Ruffenach, Alain"]
[Black "Manoeuvre, Antoine"]
[Result "1/2-1/2"]
[WhiteElo "2100"]
[BlackElo "2095"]
[PlyCount "116"]
[EventDate "2008.08.11"]
[EventType "swiss"]
[EventRounds "9"]
[EventCountry "FRA"]
[SourceTitle "CBM 126 Extra"]
[Source "ChessBase"]
[SourceDate "2008.11.05"]
[SourceVersion "1"]
[SourceVersionDate "2008.11.05"]
[SourceQuality "1"]

1. d4 Nf6 2. Nf3 g6 3. c4 Bg7 4. Nc3 d6 5. e4 0-0 6. Be2 e5 7. dxe5 dxe5 8. Qxd8 Rxd8 9. Bg5 Re8 10. Nd5 Nxd5 11. cxd5 c6 12. Bc4 cxd5 13. Bxd5 Nc6 14. Bxc6 bxc6 15. 0-0 Be6 16. b3 a5 17. Rfc1 a4 18. b4 a3 19. Rxc6 Reb8 20. Bd2 Bf8 21. Ng5 Bxb4 22. Bxb4 Rxb4 23. Nxe6 fxe6 24. f3 Rb2 25. Rxe6 Rc8 26. Rxe5 Rcc2 27. Rg5 Kg7 28. h3 Kf6 29. f4 Re2 30. e5+ Ke6 31. Kh2 Rf2 32. Rg3 Kf5 33. Re1 Rxa2 34. Ree3 Ke6 35. Rxa3 Rxa3 36. Rxa3 Rxf4 37. Ra7 Kxe5 38. Rxh7 Ra4 39. Rf7 Ke6 40. Rf2 Ke7 41. Kg3 Ke6 42. h4 Ke7 43. Rf4 Ra2 44. Kh3 Rb2 45. g4 Rb3+ 46. Kg2 Ra3 47. Rf3 Ra2+ 48. Kg3 Ra4 49. h5 gxh5 50. gxh5 Ra6 51. Kg4 Rf6 52. Ra3 Kf7 53. Ra7+ Kg8 54. Kg5 Rb6 55. Ra5 Kh7 56. Rc5 Ra6 57. Rc7+ Kh8 58. h6 Rb6 1/2-1/2

[Event "FRA-ch op-A"]
[Site "Pau"]
[Date "2008.08.17"]
[Round "6"]
[White "Migot, Tangi"]
[Black "Ruffenach, Alain"]
[Result "1-0"]
[WhiteElo "2050"]
[BlackElo "2100"]
[PlyCount "115"]
[EventDate "2008.08.11"]
[EventType "swiss"]
[EventRounds "9"]
[EventCountry "FRA"]
[SourceTitle "CBM 126 Extra"]
[Source "ChessBase"]
[SourceDate "2008.11.05"]
[SourceVersion "1"]
[SourceVersionDate "2008.11.05"]
[SourceQuality "1"]

1. e4 g6 2. d4 Bg7 3. Nc3 d6 4. Be3 Nf6 5. f3 c6 6. g4 b5 7. Qd2 Nbd7 8. h4 h6 9. Nge2 b4 10. Nd1 a5 11. Ng3 e5 12. Nf2 d5 13. g5 hxg5 14. hxg5 Rxh1 15. Nfxh1 Nh7 16. exd5 cxd5 17. 0-0-0 Bb7 18. dxe5 Bxe5 19. f4 Bg7 20. f5 Be5 21. Re1 Qc7 22. fxg6 fxg6 23. Ne2 Qc4 24. Kb1 Qh4 25. Nf2 Nxg5 26. Bxg5 Qxf2 27. Bh3 Qh2 28. Ng1 Qxd2 29. Bxd2 Ke7 30. Bxd7 Kxd7 31. Rxe5 Rf8 32. Bc1 Rf5 33. Rxf5 gxf5 34. Nf3 Kd6 35. Bf4+ Kc5 36. Be3+ Kd6 37. Bd4 Ke6 38. Ng5+ Ke7 39. Kc1 Bc8 40. Kd2 Kd6 41. Nh3 Be6 42. Nf4 Bf7 43. Bb6 a4 44. b3 axb3 45. axb3 Kc6 46. Bd4 Kb5 47. Bf6 Kc5 48. Nd3+ Kd6 49. Nxb4 f4 50. Nd3 Ke6 51. Bg5 f3 52. Ke3 Kf5 53. Bd8 Bh5 54. b4 Kg4 55. Kf2 Kf5 56. b5 Be8 57. b6 Bc6 58. Kxf3 1-0

[Event "FRA-ch op-A"]
[Site "Pau"]
[Date "2008.08.16"]
[Round "5"]
[White "Ruffenach, Alain"]
[Black "Loiseau, Quentin"]
[Result "1-0"]
[WhiteElo "2100"]
[BlackElo "2028"]
[PlyCount "77"]
[EventDate "2008.08.11"]
[EventType "swiss"]
[EventRounds "9"]
[EventCountry "FRA"]
[SourceTitle "CBM 126 Extra"]
[Source "ChessBase"]
[SourceDate "2008.11.05"]
[SourceVersion "1"]
[SourceVersionDate "2008.11.05"]
[SourceQuality "1"]

1. d4 Nf6 2. Nf3 g6 3. c4 Bg7 4. Nc3 0-0 5. e4 d6 6. h3 e5 7. d5 Qe8 8. Be3 Na6 9. Bd3 Nb4 10. c5 Nxd3+ 11. Qxd3 Bd7 12. 0-0 Nh5 13. cxd6 cxd6 14. g4 Nf4 15. Bxf4 exf4 16. Rfe1 h5 17. Nh2 Be5 18. gxh5 gxh5 19. Kh1 Kh7 20. Rg1 Rg8 21. Qf3 Kh6 22. Ne2 Qe7 23. Rxg8 Rxg8 24. Rg1 Rxg1+ 25. Nxg1 f5 26. Qe2 fxe4 27. Qxe4 Qf7 28. Nhf3 Bf5 29. Qc4 b5 30. Nxe5 dxe5 31. Qc6+ Kh7 32. d6 e4 33. Qc7 Qxc7 34. dxc7 f3 35. h4 Kg6 36. Kh2 Bc8 37. Nh3 Kf5 38. Kg3 Be6 39. Nf4 1-0

[Event "FRA-ch op-A"]
[Site "Pau"]
[Date "2008.08.13"]
[Round "2"]
[White "Lamard, Guillaume"]
[Black "Ruffenach, Alain"]
[Result "0-1"]
[WhiteElo "2001"]
[BlackElo "2100"]
[PlyCount "114"]
[EventDate "2008.08.11"]
[EventType "swiss"]
[EventRounds "9"]
[EventCountry "FRA"]
[SourceTitle "CBM 126 Extra"]
[Source "ChessBase"]
[SourceDate "2008.11.05"]
[SourceVersion "1"]
[SourceVersionDate "2008.11.05"]
[SourceQuality "1"]

1. d4 g6 2. c4 Bg7 3. Nc3 c5 4. d5 d6 5. e4 Nf6 6. Nf3 0-0 7. Be2 e5 8. dxe6 Bxe6 9. 0-0 Nc6 10. Bf4 Qa5 11. Qc2 Rfd8 12. Rfd1 Ne8 13. Nb5 Nb4 14. Qb1 Qb6 15. a3 Nc6 16. Qc2 Na5 17. Ng5 a6 18. Nxe6 fxe6 19. Nc3 Nb3 20. Rab1 Nd4 21. Qd2 Qc6 22. Qe3 b5 23. e5 d5 24. cxb5 axb5 25. Bd3 Nc7 26. Ne2 Ra4 27. Nxd4 cxd4 28. Qe2 Rf8 29. Rbc1 Qb6 30. Qg4 b4 31. Bc2 Ra7 32. axb4 Qxb4 33. h4 d3 34. g3 dxc2 35. Rxc2 Qb6 36. Be3 Qb3 37. Rdc1 Ra4 38. Qg5 Rc4 39. Rxc4 dxc4 40. Qe7 Rf7 41. Qd8+ Bf8 42. Rd1 Nd5 43. Rxd5 exd5 44. e6 Qd1+ 45. Kh2 Rb7 46. Bc5 Qf3 47. e7 Rxe7 48. Bxe7 Qxf2+ 49. Kh3 Qf1+ 50. Kh2 Qe2+ 51. Kh3 Qe6+ 52. Kh2 Qxe7 53. Qxd5+ Qf7 54. Qd4 h5 55. Kg2 Kh7 56. g4 Bg7 57. gxh5 Bxd4 0-1

[Event "FRA-chT2 East 0708"]
[Site "France"]
[Date "2008.02.10"]
[Round "7.4"]
[White "Ruffenach, Alain"]
[Black "Schulz, Vladimir"]
[Result "0-1"]
[WhiteElo "2064"]
[BlackElo "2204"]
[PlyCount "90"]
[EventDate "2007.10.21"]
[EventType "team-tourn"]
[EventRounds "11"]
[EventCountry "FRA"]
[SourceTitle "EXT 2009"]
[Source "ChessBase"]
[SourceDate "2008.11.26"]
[SourceVersion "1"]
[SourceVersionDate "2008.11.26"]
[SourceQuality "1"]
[WhiteTeam "Saverne"]
[BlackTeam "Bischwiller II"]
[WhiteTeamCountry "FRA"]
[BlackTeamCountry "FRA"]

1. d4 Nf6 2. Nf3 g6 3. c4 Bg7 4. Nc3 d5 5. cxd5 Nxd5 6. e4 Nxc3 7. bxc3 c5 8. Be3 0-0 9. Qd2 cxd4 10. cxd4 Nc6 11. Bb5 Na5 12. 0-0 a6 13. Be2 Bg4 14. Rac1 Nc6 15. d5 Bxf3 16. Bxf3 Ne5 17. Be2 f6 18. Qb4 Qd7 19. h3 Nf7 20. Rfd1 Nd6 21. Bg4 f5 22. exf5 gxf5 23. Bf3 Rac8 24. g4 Rxc1 25. Rxc1 Rc8 26. Rxc8+ Qxc8 27. gxf5 Qxf5 28. Qg4 b5 29. Kg2 a5 30. Bb6 Qxg4+ 31. hxg4 Bc3 32. Be2 a4 33. Bc5 b4 34. Bxd6 exd6 35. Bd1 b3 36. Bxb3 axb3 37. axb3 Kf7 38. f4 Kg6 39. Kf3 h5 40. gxh5+ Kxh5 41. Ke4 Kg4 42. f5 Kg5 43. Kd3 Be1 44. Kc4 Kxf5 45. b4 Ke5 0-1